| 000 | 01106nam a2200229Ia 4500 | ||
|---|---|---|---|
| 001 | L485-25671 | ||
| 003 | IT-CnALBA | ||
| 008 | 170116s9999||||xx |||||||||||||| ||und|| | ||
| 040 |
_aIT-CnALBA _cIT-CnALBA |
||
| 041 | _aGRECO | ||
| 100 | _aBIGNAMI ERNESTO, PROF. | ||
| 245 | 0 | _aESERCIZI GRECI CON ANTOLOGIA PER IL GINNASIO SUPERIORE. | |
| 250 | _a1a ed. | ||
| 260 |
_aMILANO _bBIGNAMI EDIZIONI _c1968 [1° Ed.: n.d.] |
||
| 300 | _a600 p. | ||
| 500 | _aINDICE DELLA GRAMMATICA. TEMI RAPPORTATI ALLE COSTRUZIONI GRAMMATICALI. TEMI DI RICAPITOLAZIONE. FAVOLE DI FEDRO. SENOFONTE. LUCIANO. PASSI DEL VANGELO. SUNTI DI SINTASSI. REGOLE VARIE. TAVOLE DI NOMENCLATURA. | ||
| 501 | _aSocietà San Paolo EM - Piazza San Paolo, 14 - 12051 ALBA (CN) (non commercial uses only) ® Copyright 2017 | ||
| 520 | _aINDICE DELLA GRAMMATICA. TEMI RAPPORTATI ALLE COSTRUZIONI GRAMMATICALI. TEMI DI RICAPITOLAZIONE. FAVOLE DI FEDRO. SENOFONTE. LUCIANO. PASSI DEL VANGELO. SUNTI DI SINTASSI. REGOLE VARIE. TAVOLE DI NOMENCLATURA. | ||
| 650 | _aGRAMMATICA GRECA - ESERCIZI | ||
| 942 | _cBK | ||
| 957 | _71 | ||
| 999 |
_a30458 _bNO _g Copie: 1 _c284784 _d284784 |
||